000 00679nam a22002177a 4500
003 UA-OsUOA
001 59340
007 ta
008 20090319b un ||||| |||| 00| 0 ukr d
100 _aБобиль В.
090 _a330(477)
_bБ72
942 _cSA
040 _aUA-OsUOA
_bukr
_cUA-OsUOA
_dUA-OsUOA
245 _aМеханізм стабілізації банківської системи України в період фінансової кризи
300 _aС.28-33
955 _a0
041 _aukr
080 _a330(477)
773 0 _w59337
_tУкраїна: аспекти праці
_dК.
_d2009
_g1
650 7 _a330 Економіка взагалі
_2UDC
999 _c345422
_d345422